| 000 | 01632nam a22003014a 4500 | ||
|---|---|---|---|
| 001 | 484 | ||
| 003 | OSt | ||
| 005 | 20250903151841.0 | ||
| 008 | 250903b |||||||| |||| 00| 0 eng d | ||
| 020 | _a8570561768 | ||
| 040 | _bpor | ||
| 041 | _hpor | ||
| 082 | 0 | 4 |
_a028.5 _bA329r |
| 100 | 1 |
_aAlbergaria, Lino de, _d1950- _91039 |
|
| 245 | 1 | 2 |
_aO relogio do mundo / _cLino de Albergaria ; ilustracoes: Claudia Ferreira. - |
| 250 | _a6a ed. - | ||
| 260 |
_aSão Paulo : _bAtual, _cc1989. |
||
| 300 |
_a60p. : _bil. ; |
||
| 520 | _aEnquanto livra os cravos brancos do mato que insiste em crescer no jardim de sua casa, o jovem Casemiro Correia pensa em Cucura, a cidade mágica, localizada do outro lado da floresta que começa no final de sua rua. Obrigado pelo pai a partir em uma missão quase impossível - caçar a insistente coruja que aparentemente traz mau agouro à cidade onde vivem, a decadente Cravo Branco -, Casemiro experimenta situações inusitadas, algumas delas apavorantes. Munido de curiosidade e coragem, penetra no coração da mata, encontra seres fantásticos, conhece o funcionamento do relógio do mundo, descobre os segredos da cidade mágica e passa por uma série de transformações que fazem dele o ser ideal para restaurar a paz entre Cravo Branco e Cucura, em guerra há anos por causa da extração de ouro e da destruição da natureza. | ||
| 650 |
_aLiteratura Brasileira _9205 |
||
| 650 |
_aInfantojuvenil _9200 |
||
| 650 |
_aAventura _947 |
||
| 655 | 0 |
_aRomance _923 |
|
| 655 | 0 |
_aFicção _922 |
|
| 700 | 1 |
_aFerreira, Claudia _d1955- |
|
| 830 |
_aEra outra vez _91042 |
||
| 942 |
_2ddc _n0 _cBK |
||
| 999 |
_c484 _d484 |
||